书目信息 |
| 题名: |
电学
|
|
| 作者: | 谢苏龄 著 | |
| 分册: | ||
| 出版信息: | 石家庄 河北人民出版社 1981 |
|
| 页数: | 472页 | |
| 开本: | 19cm | |
| 丛书名: | ||
| 单 册: | ||
| 中图分类: | G634.7 , G633.7 | |
| 科图分类: | ||
| 主题词: | 教育--各级 , 电学--中学--教学参考资料 | |
| 电子资源: | ||
| ISBN: | ||
| 000 | 00642nam0 2200253 45 | |
| 001 | 0181009305 | |
| 005 | 20060818104441.29 | |
| 010 | @dCNY1.10 | |
| 091 | @a7086.1055 | |
| 100 | @a19950724d1981 demy0chiy0121 ea | |
| 101 | 0 | @achi |
| 102 | @aCN@b130000 | |
| 105 | @ay z 000yy | |
| 200 | 10 | @a电学@Adian xue@f谢苏龄著 |
| 210 | @a石家庄@c河北人民出版社@d1981 | |
| 215 | @a472页@d19cm | |
| 606 | 0 | @a教育@x各级 |
| 606 | @a电学@x中学@x教学参考资料 | |
| 690 | @aG634.7@v3 | |
| 690 | @aG633.7 | |
| 701 | 0 | @a谢苏龄@Axie su ling@4著 |
| 801 | 2 | @aCN@bNLC@c20060818 |
| 801 | 0 | @aCN@b上海图书馆@c20040917 |
| 905 | @f1@b73561@dG633.7@e14 | |
| 电学/谢苏龄著.-石家庄:河北人民出版社,1981 |
| 472页;19cm |
| ISBN :CNY1.10 |
| ● |
| 相关链接 |
|
|
|
|
正题名:电学
索取号:G633.7/14
 
预约/预借
| 序号 | 登录号 | 条形码 | 馆藏地/架位号 | 状态 | 备注 |
| 1 | 0073561 | 001959107 | 密集书库/ [索取号:G633.7/14] | 在馆 | |
| 2 | 0073562 | 000618816 | 第一样本阅览室/ [索取号:G633.7/14] | 在馆 | |
| 3 | 0465690 | 204656906 | 密集书库/ [索取号:G633.7/14] | 在馆 |